000 00333nam a22001457a 4500
008 231013b ||||| |||| 00| 0 eng d
020 _a9780867209716
041 _aeng
080 _a33
082 _a33HAR
100 _a23
101 _aMBE
245 _aBUSINESS AS ETHICAL AND BUSINESS AS USUAL
_cHARWOOD .S
942 _2udc
_cBK
999 _c60450
_d60450